| 000 | 00861nam a2200229 i 4500 | ||
|---|---|---|---|
| 001 | bg | ||
| 245 | 0 |
_aSzczegółowa osnowa pozioma : _bprojektowanie, pomiar i opracowanie wyników : załączniki / _cGłówny Urząd Geodezji i Kartografii. |
|
| 260 |
_aWarszawa : _bGUGiK, _c1987. |
||
| 300 |
_a96 s. : _brys., wykr. ; _c21 cm. |
||
| 490 | 1 |
_aWytyczne Techniczne ; _vG-1.5 |
|
| 650 | 9 | _aGeodezja | |
| 650 | 9 | _aFotogrametria | |
| 655 | _aInstrukcje | ||
| 710 | 0 | _aGłówny Urząd Geodezji i Kartografii | |
| 830 | _aWytyczne Techniczne ; | ||
| 040 | _cBPK | ||
| 041 | 0 | _apol | |
| 080 | _a528.3/.4:528.7](083.1) | ||
| 942 | _cKA | ||
| 008 | s pl f |000 0 pol | ||
| 999 |
_c35159 _d35159 |
||
| 856 |
_uhttp://koha.tu.koszalin.pl/cgi-bin/koha/opac-detail.pl?biblionumber=35159 _yKatalog online BPK |
||